Hodnota za peniaze anotácie referátov z 30. konferencie EOQC v Štokholme 16.-19. júna 1986 a

Saved in:
Bibliographic Details
Main Author: Reháková, Helena
Other Authors: Chudíková, Alena
Format: Book
Language:Slovak
Published: Bratislava Alfa 1987
Edition:1. vyd.
Tags: Add Tag
No Tags, Be the first to tag this record!

MARC

LEADER 00000nam a2200000 4500
001 c024225
005 20221219094541.5
041 0 |a slo 
044 |a SK 
245 1 0 |a Hodnota za peniaze  |b anotácie referátov z 30. konferencie EOQC v Štokholme 16.-19. júna 1986 a  |c Sprac. Helena Reháková, Alena Chudíková 
250 |a 1. vyd. 
264 1 |a Bratislava  |b Alfa  |c 1987 
300 |a 233 s. 
100 1 |a Reháková, Helena 
700 1 |a Chudíková, Alena